00866nam a2200157 u 450000100100000000500170001000800410002704000250006811101450009324501800023826000370041830000200045595201050047595201110058099900170069100003767320201002031112.0121102s2011 dr r 000 0 spa d aDO-SdBNPbspacBNPHU1 aEncuentro Nacional de Dirigentes de la Junta Agroempresarial Dominicanan(12 :cLa Altagracia, República Dominicanad2011, sept. 8)96413510aProceducimos o perecemos, exportamos o sucumbimos :bLas políticas públicas para el desarrollo de la agropecuaria, de la agroindustria y convertirnos en un agroexportador. aSanto Domingo :bAlianza País. a18 p. ;c22 cm. 0010718PDaPDbPDcCTd2012-11-02iLF1l0o p37673-10r2020-06-25w2020-06-25yLFPDZNo se presta 0010718PDaPDbPDcCTd2012-11-02iLF1l0o p37673-20r2020-06-25te. 2w2020-06-25yLFPDZNo se presta c37163d37163